00706cam a2200205 a 450000100100000000500170001000800410002702000150006804000290008308200170011210000230012924500780015226000520023030000210028249000440030350400470034765000250039465000370041983000440045600001401620200929163434.0980925s1998 ec b 001 0 spa  a9978842373 aDO-SdBNPbspacLCdBNPHU a324.6bG857e1 aGrijalva, Agustin.10aElecciones y representación política /cAgustín Grijalva Jeménez. aQuito :bCorporación Editora Nacional,c1998. a181 p. ;c21 cm.1 aBiblioteca de Ciencias Sociales,vv. 48 aReferencias bibliográficas p. [177]-181. 4aEleccioneszEcuador. 4aGobierno representativozEcuador 0aBiblioteca de Ciencias Sociales,vv. 48